[Event "RUS-chT 31th"]
[Site "Sochi"]
[Date "2024.05.02"]
[Round "2.11"]
[White "Demkovich, Anatoliy"]
[Black "Vlasenko, Miroslav"]
[Result "1/2-1/2"]
[WhiteElo "2391"]
[BlackElo "2338"]
[PlyCount "109"]
[EventDate "2024.05.01"]
[EventType "team-tourn"]
[EventRounds "9"]
[EventCountry "RUS"]
[SourceTitle "CB20_2024"]
[SourceDate "2024.05.16"]
[SourceVersion "1"]
[SourceVersionDate "2024.05.16"]
[SourceQuality "1"]
[WhiteTeam "Kimmeriya"]
[BlackTeam "St Petersburg SSHOR"]
[WhiteTeamCountry "RUS"]
[BlackTeamCountry "RUS"]

1. e4 c5 2. Nf3 Nc6 3. Bb5 g6 4. 0-0 Bg7 5. Re1 Nf6 6. c3 0-0 7. h3 e5 8. Na3 Re8 9. d4 cxd4 10. cxd4 a6 11. Bc4 Nxd4 12. Nxd4 d5 13. Nf3 dxc4 14. Qxd8 Rxd8 15. Nxc4 Be6 16. Nb6 Rab8 17. Nxe5 Rd4 18. Bf4 Rbd8 19. Be3 Rxe4 20. Red1 Rxd1+ 21. Rxd1 Nd5 22. Nxd5 Bxe5 23. b3 Bxd5 24. Rxd5 Bf4 25. Bxf4 Rxf4 26. Rd7 Rb4 27. Kf1 a5 28. Rc7 b5 29. Rc3 a4 30. Ke2 Kf8 31. Re3 Rd4 32. Rd3 Re4+ 33. Kd2 axb3 34. axb3 Re5 35. Kc3 h5 36. g3 Rf5 37. Kb4 Rxf2 38. Kxb5 g5 39. b4 g4 40. hxg4 hxg4 41. Kc4 f5 42. b5 Ke7 43. b6 Rb2 44. Kc5 Ke6 45. Rd4 Rb3 46. Rd8 Ke7 47. Rd5 Rxg3 48. b7 Rb3 49. Kc6 Rxb7 50. Kxb7 Ke6 51. Kc6 g3 52. Kc5 Kf6 53. Rd8 Ke5 54. Re8+ Kf4 55. Kd4 1/2-1/2

[Event "Khanty-Mansiysk Governor Cup 19th"]
[Site "Khanty-Mansiysk"]
[Date "2023.11.23"]
[Round "7"]
[White "Vlasenko, Miroslav"]
[Black "Tsydypov, Zhamsaran"]
[Result "0-1"]
[WhiteElo "2352"]
[BlackElo "2548"]
[PlyCount "78"]
[EventDate "2023.11.17"]
[EventType "swiss"]
[EventRounds "9"]
[EventCountry "RUS"]
[SourceTitle "CB48_2023"]
[SourceDate "2023.11.29"]
[SourceVersion "1"]
[SourceVersionDate "2023.11.29"]
[SourceQuality "1"]

1. d4 g6 2. e4 Bg7 3. Nc3 d6 4. f4 a6 5. Nf3 b5 6. Bd3 Bb7 7. e5 Nh6 8. a4 b4 9. Ne4 0-0 10. Qe2 Nc6 11. Be3 Nf5 12. Bf2 dxe5 13. dxe5 Ncd4 14. Nxd4 Nxd4 15. Qe3 Ne6 16. Bc4 Qe8 17. Nc5 Nxc5 18. Qxc5 Bxg2 19. Rg1 Be4 20. Bb3 Qd7 21. Rd1 Qf5 22. Rd4 Rad8 23. Rxd8 Rxd8 24. Qxe7 Rf8 25. e6 Bd5 26. exf7+ Bxf7 27. Qxb4 Bxb3 28. Qxb3+ Kh8 29. Be3 Rd8 30. Rg2 Qe4 31. Rg3 Qh1+ 32. Bg1 Qe4+ 33. Be3 h5 34. Ke2 Kh7 35. Rf3 c5 36. c4 Rd7 37. Kf2 Rd3 38. Qb6 Bd4 39. Qc7+ Kh6 0-1

[Event "Chigorin Memorial 30th"]
[Site "St Petersburg"]
[Date "2023.10.22"]
[Round "2"]
[White "Vlasenko, Miroslav"]
[Black "Zaikina, Yuliya"]
[Result "1-0"]
[WhiteElo "2371"]
[BlackElo "1720"]
[PlyCount "143"]
[EventDate "2023.10.21"]
[EventType "swiss"]
[EventRounds "9"]
[EventCountry "RUS"]
[SourceTitle "Mega2024 Update 01"]
[Source "Chessbase"]
[SourceDate "2023.11.12"]
[SourceVersion "1"]
[SourceVersionDate "2023.11.12"]
[SourceQuality "1"]

1. d4 Nf6 2. Bg5 e6 3. e3 h6 4. Bh4 c5 5. Nf3 b6 6. Nbd2 cxd4 7. exd4 Bb7 8. Bd3 Be7 9. 0-0 d6 10. a4 a6 11. Re1 Nbd7 12. h3 0-0 13. Bg3 Re8 14. Rc1 Rc8 15. Qe2 Ra8 16. Nc4 Qc7 17. Ne3 Qc6 18. b3 Bf8 19. c4 Qc8 20. Bb1 Qd8 21. b4 Rc8 22. Red1 Qc7 23. c5 bxc5 24. dxc5 e5 25. Nc4 Bxf3 26. Qxf3 dxc5 27. b5 axb5 28. axb5 Rb8 29. Qc6 Qb7 30. Bf5 Nb6 31. Bxe5 Nxc4 32. Bxb8 Rxb8 33. Qxb7 Rxb7 34. Rxc4 Rxb5 35. Rd8 g6 36. Bd3 Kg7 37. Rc1 Rb7 38. Bc4 Be7 39. Rd3 Rb2 40. Re1 Bf8 41. Ra1 Rb7 42. g3 Nd7 43. Re1 Rc7 44. Rb3 Nf6 45. Kg2 Rd7 46. Rf3 Rd4 47. Ba2 Ra4 48. Bb3 Rb4 49. Rc1 Rb7 50. Ra1 Rc7 51. Bc4 Ne4 52. Rfa3 Nd6 53. Bd5 Nb5 54. Ra5 Nd6 55. Ra7 Rc8 56. Rd7 c4 57. Raa7 c3 58. Rac7 Rxc7 59. Rxc7 Kf6 60. Rxc3 Ke5 61. Ba2 Be7 62. Rf3 Bf6 63. Bb3 h5 64. Ba2 h4 65. g4 g5 66. Bb3 Ne4 67. Rf5+ Kd4 68. Bc2 Be5 69. Bxe4 Kxe4 70. Rxg5 f6 71. Rh5 Kf4 72. Rxh4 1-0

[Event "RUS-chT Blitz"]
[Site "Sochi"]
[Date "2023.10.17"]
[Round "11.26"]
[White "Galaktionov, Artem"]
[Black "Vlasenko, Miroslav"]
[Result "0-1"]
[WhiteElo "2315"]
[BlackElo "2371"]
[PlyCount "150"]
[EventDate "2023.10.17"]
[EventType "team-swiss (blitz)"]
[EventRounds "13"]
[EventCountry "RUS"]
[SourceTitle "Mega2024 Update 01"]
[Source "Chessbase"]
[SourceDate "2023.11.12"]
[SourceVersion "1"]
[SourceVersionDate "2023.11.12"]
[SourceQuality "1"]
[WhiteTeam "Moscow Temus Tim"]
[BlackTeam "St Petersburg SShOR II"]
[WhiteTeamCountry "RUS"]
[BlackTeamCountry "RUS"]

1. d4 f5 2. c4 Nf6 3. Nf3 g6 4. g3 Bg7 5. Bg2 0-0 6. Nc3 d6 7. 0-0 Qe8 8. Re1 Qf7 9. e4 fxe4 10. Nxe4 Nc6 11. Nxf6+ Bxf6 12. Bh6 Re8 13. d5 Ne5 14. Nxe5 Bxe5 15. Qd2 Bd7 16. Rac1 c5 17. dxc6 Bxc6 18. f4 Bxg2 19. Kxg2 Bf6 20. b3 Rac8 21. h4 Rc5 22. Re2 d5 23. cxd5 Rxc1 24. Qxc1 Qxd5+ 25. Kh2 Qh5 26. Qc4+ Kh8 27. Bg5 Bxg5 28. fxg5 Qf3 29. Qd4+ Kg8 30. Rf2 Qc6 31. Qxa7 Rf8 32. Rxf8+ Kxf8 33. Qf2+ Ke8 34. Qe2 Qd5 35. Qc2 Kd7 36. b4 b5 37. a4 bxa4 38. Qxa4+ Ke6 39. Qa6+ Kf7 40. Qf1+ Ke6 41. b5 Kd6 42. Qb1 Kc7 43. Qb2 e5 44. h5 gxh5 45. Qc2+ Kb6 46. Qxh7 Qd2+ 47. Kh3 Qxg5 48. Qd7 Qf6 49. Qd5 Qf5+ 50. Kg2 Qc2+ 51. Kh3 Qc5 52. Qf7 Qxb5 53. Qxh5 Qf1+ 54. Kh4 Qe1 55. Qg6+ Kc5 56. Qf5 Kd6 57. Qf6+ Kd5 58. Qf7+ Kd4 59. Qd7+ Ke3 60. Qa7+ Kf3 61. Qf7+ Kg2 62. Qg7 e4 63. Qe5 e3 64. Qe4+ Kh2 65. Kg4 Qxg3+ 66. Kh5 Qf2 67. Qe5+ Qg3 68. Qb2+ Qf2 69. Qe5+ Kg1 70. Qg5+ Kf1 71. Qb5+ e2 72. Qc4 Qf3+ 73. Kh4 Kg2 74. Qc2 Qf2+ 75. Kg4 e1Q 0-1

[Event "RUS-ch Rapid"]
[Site "Sochi"]
[Date "2023.10.16"]
[Round "11"]
[White "Vlasenko, Miroslav"]
[Black "Korchmar, Vasiliy"]
[Result "1/2-1/2"]
[WhiteElo "2371"]
[BlackElo "2438"]
[PlyCount "130"]
[EventDate "2023.10.15"]
[EventType "swiss (rapid)"]
[EventRounds "11"]
[EventCountry "RUS"]
[SourceTitle "Mega2024 Update 01"]
[Source "Chessbase"]
[SourceDate "2023.11.12"]
[SourceVersion "1"]
[SourceVersionDate "2023.11.12"]
[SourceQuality "1"]

1. d4 Nf6 2. Bg5 d5 3. Bxf6 exf6 4. e3 Bd6 5. c4 dxc4 6. Bxc4 0-0 7. Nc3 c6 8. Qc2 Nd7 9. Nf3 f5 10. 0-0 Nf6 11. Rab1 Qe7 12. a3 Bd7 13. Bd3 g6 14. Na4 Be6 15. h3 Bd5 16. Nd2 Bc7 17. Nc3 Qd6 18. g3 h5 19. Nxd5 Nxd5 20. Nf3 h4 21. gxh4 Kg7 22. Qc5 Qf6 23. Rfe1 Rh8 24. Bf1 Bd6 25. Qc4 a5 26. Bg2 Qe7 27. Qc2 Nf6 28. Rbd1 Nd5 29. Qd3 Qd8 30. Qb3 Qe7 31. Rc1 a4 32. Qd3 Qd8 33. b4 axb3 34. Qxb3 Bxa3 35. Qxb7 Bxc1 36. Rxc1 Qe7 37. Qxe7 Nxe7 38. Ne5 Rxh4 39. Rb1 Ra7 40. Kh2 f4 41. e4 Rh8 42. d5 cxd5 43. exd5 Rd8 44. Rb5 g5 45. Nc6 Nxc6 46. dxc6 Kf6 47. Be4 Rd2 48. Rf5+ Ke6 49. Rxg5 Rxf2+ 50. Rg2 Rxg2+ 51. Bxg2 Ra2 52. Kg1 Ke5 53. h4 Rc2 54. h5 Kf5 55. Bf3 Kg5 56. Kf1 Rc5 57. Ke2 Rc3 58. Kd2 Rc5 59. Kd3 Rc1 60. Kd4 f6 61. Kd5 Rc3 62. Kd4 Rc1 63. Kd5 Rc3 64. Kd4 Rc2 65. Kd5 Rc3 1/2-1/2

[Event "RUS-ch Blitz"]
[Site "Sochi"]
[Date "2023.10.14"]
[Round "3"]
[White "Galchenko, Matvey"]
[Black "Vlasenko, Miroslav"]
[Result "0-1"]
[WhiteElo "2438"]
[BlackElo "2371"]
[PlyCount "121"]
[EventDate "2023.10.14"]
[EventType "swiss (blitz)"]
[EventRounds "13"]
[EventCountry "RUS"]
[SourceTitle "Mega2024 Update 01"]
[Source "Chessbase"]
[SourceDate "2023.11.12"]
[SourceVersion "1"]
[SourceVersionDate "2023.11.12"]
[SourceQuality "1"]

1. f4 d5 2. Nf3 Bg4 3. Ne5 Bf5 4. c4 dxc4 5. Qa4+ Nd7 6. Nc3 c6 7. Qxc4 e6 8. Nxd7 Qxd7 9. e4 Bg6 10. a4 Nf6 11. a5 Be7 12. Be2 0-0 13. d3 b5 14. axb6 axb6 15. Rxa8 Rxa8 16. 0-0 b5 17. Qb3 Bc5+ 18. Kh1 Bh5 19. Qc2 Bxe2 20. Nxe2 Bb6 21. Bd2 Rd8 22. d4 Bxd4 23. Ba5 Ra8 24. Rd1 Rxa5 25. Nxd4 Ng4 26. Qe2 Ra4 27. Qxg4 Rxd4 28. Rxd4 Qxd4 29. Qe2 c5 30. h3 c4 31. f5 h6 32. fxe6 fxe6 33. Qh5 Qxe4 34. Qxb5 Qd5 35. Qe8+ Kh7 36. Qb8 Qd4 37. Qb7 e5 38. Qf7 Qf4 39. Qd7 Qc1+ 40. Kh2 Qxb2 41. Qf5+ Kg8 42. Qe6+ Kf8 43. Qf5+ Ke7 44. Qg6 Qd4 45. Qxg7+ Kd8 46. Qf8+ Kd7 47. Qg7+ Kc8 48. Qf8+ Kc7 49. Qg7+ Kc6 50. Qxh6+ Kb5 51. Qe6 c3 52. Qb3+ Kc5 53. Qa3+ Qb4 54. Qa7+ Kc4 55. Qf7+ Kd3 56. Qf3+ Kd4 57. Qf2+ Kc4 58. Qf7+ Kd4 59. Qf2+ Kd5 60. Qf7+ Kd4 61. Qf2+ 0-1

[Event "RUS-ch Blitz"]
[Site "Sochi"]
[Date "2023.10.14"]
[Round "4"]
[White "Vlasenko, Miroslav"]
[Black "Drygalov, Andrey"]
[Result "0-1"]
[WhiteElo "2371"]
[BlackElo "2475"]
[PlyCount "90"]
[EventDate "2023.10.14"]
[EventType "swiss (blitz)"]
[EventRounds "13"]
[EventCountry "RUS"]
[SourceTitle "Mega2024 Update 01"]
[Source "Chessbase"]
[SourceDate "2023.11.12"]
[SourceVersion "1"]
[SourceVersionDate "2023.11.12"]
[SourceQuality "1"]

1. d4 d5 2. Bf4 Nf6 3. e3 g6 4. Nf3 Bg7 5. Be2 0-0 6. 0-0 c5 7. c3 b6 8. Nbd2 Bb7 9. a4 Nc6 10. Ne5 Nd7 11. Nxc6 Bxc6 12. Nf3 Re8 13. Bb5 Qc8 14. Bg3 a6 15. Bxc6 Qxc6 16. b4 e6 17. bxc5 bxc5 18. Qb3 Rec8 19. Rfb1 Ra7 20. h4 Qa8 21. a5 Nf6 22. Be5 Ne4 23. Bxg7 Kxg7 24. Qa3 Rac7 25. Rc1 Qc6 26. Ne5 Qd6 27. Nd3 Qe7 28. g3 Qf6 29. Nf4 Qf5 30. Qb2 h6 31. c4 cxd4 32. cxd5 Rxc1+ 33. Rxc1 Rxc1+ 34. Qxc1 e5 35. Nd3 Nc3 36. Qd2 Nxd5 37. exd4 exd4 38. Nc5 Qe5 39. Nxa6 Nc3 40. Nb4 Qc5 41. Nc2 Nb5 42. a6 Qc4 43. Ne1 Qa4 44. Nf3 Qxa6 45. Nxd4 Qa1+ 0-1

[Event "Sochi Pearl Blitz op"]
[Site "Sochi"]
[Date "2023.10.12"]
[Round "7"]
[White "Bodnaruk, Anastasia"]
[Black "Vlasenko, Miroslav"]
[Result "0-1"]
[WhiteElo "2340"]
[BlackElo "2371"]
[PlyCount "104"]
[EventDate "2023.10.12"]
[EventType "swiss (blitz)"]
[EventRounds "13"]
[EventCountry "RUS"]
[SourceTitle "Mega2024 Update 01"]
[Source "Chessbase"]
[SourceDate "2023.11.12"]
[SourceVersion "1"]
[SourceVersionDate "2023.11.12"]
[SourceQuality "1"]

1. e4 Nc6 2. d4 d5 3. e5 Bf5 4. Nf3 e6 5. Bd3 Nge7 6. 0-0 Qd7 7. c3 f6 8. exf6 gxf6 9. Re1 0-0-0 10. b4 Rg8 11. a4 Bxd3 12. Qxd3 Ng6 13. a5 e5 14. b5 Nxd4 15. Nxd4 exd4 16. Kh1 Qg4 17. Qxd4 Nf4 18. Rg1 Ne2 19. Qxg4+ Rxg4 20. Re1 Re8 21. Be3 Nf4 22. g3 Ng6 23. Nd2 a6 24. bxa6 bxa6 25. Nf3 Rc4 26. Bd4 Rxe1+ 27. Rxe1 Be7 28. Re6 Kb7 29. Nh4 Rc6 30. Re2 Bc5 31. Nxg6 hxg6 32. Re8 Bxd4 33. cxd4 Rc4 34. Re6 Rxd4 35. Rxf6 g5 36. Kg2 c5 37. h3 c4 38. Rf3 Kc6 39. Kf1 Kb5 40. Ke2 Kb4 41. Rf6 c3 42. Rb6+ Ka3 43. Rc6 Kb2 44. Rb6+ Ka3 45. Rc6 Kb3 46. Rb6+ Rb4 47. Rxa6 c2 48. Rc6 Rc4 49. Rb6+ Ka4 50. a6 c1Q 51. a7 Re4+ 52. Kf3 Qh1# 0-1

[Event "Sochi Pearl Blitz op"]
[Site "Sochi"]
[Date "2023.10.12"]
[Round "6"]
[White "Vlasenko, Miroslav"]
[Black "Triapishko, Alexandr"]
[Result "1-0"]
[WhiteElo "2371"]
[BlackElo "2499"]
[PlyCount "63"]
[EventDate "2023.10.12"]
[EventType "swiss (blitz)"]
[EventRounds "13"]
[EventCountry "RUS"]
[SourceTitle "Mega2024 Update 01"]
[Source "Chessbase"]
[SourceDate "2023.11.12"]
[SourceVersion "1"]
[SourceVersionDate "2023.11.12"]
[SourceQuality "1"]

1. d4 Nf6 2. Bg5 e6 3. Nf3 c5 4. e3 cxd4 5. exd4 h6 6. Bh4 Be7 7. Nbd2 b6 8. Bd3 Bb7 9. 0-0 0-0 10. Re1 d6 11. c3 Nbd7 12. a4 a6 13. Nf1 Re8 14. Ne3 Qc7 15. h3 Bf8 16. Bg3 Bc6 17. Nd2 b5 18. axb5 axb5 19. Qe2 Qb6 20. Ng4 Qb7 21. f3 Ra4 22. Ne4 Nxe4 23. fxe4 b4 24. Rxa4 Bxa4 25. Rf1 bxc3 26. bxc3 Nb6 27. Bh4 d5 28. Nxh6+ gxh6 29. Qg4+ Kh7 30. e5+ f5 31. exf6+ Kh8 32. f7 1-0

[Event "Satka Autumn"]
[Site "Satka"]
[Date "2023.09.05"]
[Round "8"]
[White "Vlasenko, Miroslav"]
[Black "Timerkhanov, Alexander"]
[Result "1-0"]
[WhiteElo "2386"]
[BlackElo "2354"]
[PlyCount "99"]
[EventDate "2023.08.29"]
[EventType "swiss"]
[EventRounds "9"]
[EventCountry "RUS"]
[SourceTitle "EXT 2024"]
[Source "ChessBase"]
[SourceDate "2023.10.10"]
[SourceVersion "1"]
[SourceVersionDate "2023.10.10"]
[SourceQuality "1"]

1. d4 d5 2. Nf3 Nf6 3. Bf4 c5 4. e3 Nc6 5. Nbd2 Nh5 6. Be5 e6 7. c4 cxd4 8. cxd5 Qxd5 9. Bc4 Qa5 10. exd4 Bb4 11. 0-0 Bxd2 12. Nxd2 Nxe5 13. dxe5 0-0 14. Qxh5 Qxd2 15. Rfd1 Qxb2 16. Rab1 Qc3 17. Rbc1 Qa5 18. h4 Rd8 19. Bd3 g6 20. Qg5 Bd7 21. h5 Be8 22. Qf6 Qa3 23. Be4 Rxd1+ 24. Rxd1 Qf8 25. Bxb7 Rb8 26. Bf3 Qg7 27. Rc1 a5 28. Rc7 a4 29. Ra7 Qxf6 30. exf6 gxh5 31. Bxh5 e5 32. g3 Kf8 33. Bg4 Rb1+ 34. Kg2 Bc6+ 35. f3 Rb2+ 36. Kh3 Rb6 37. Rc7 Be8 38. Rc8 Rd6 39. a3 Rxf6 40. Bd7 Rxf3 41. Rxe8+ Kg7 42. Rxe5 Rxa3 43. Re4 Rf3 44. Bxa4 Rf6 45. Bb3 h6 46. Rf4 Rb6 47. Rxf7+ Kg6 48. Rf3 Kg5 49. Bc2 Rb5 50. g4 1-0

[Event "Satka Autumn"]
[Site "Satka"]
[Date "2023.09.02"]
[Round "5"]
[White "Vlasenko, Miroslav"]
[Black "Afanasiev, Nikita"]
[Result "1/2-1/2"]
[WhiteElo "2386"]
[BlackElo "2537"]
[PlyCount "81"]
[EventDate "2023.08.29"]
[EventType "swiss"]
[EventRounds "9"]
[EventCountry "RUS"]
[SourceTitle "EXT 2024"]
[Source "ChessBase"]
[SourceDate "2023.10.10"]
[SourceVersion "1"]
[SourceVersionDate "2023.10.10"]
[SourceQuality "1"]

1. d4 d5 2. Bf4 Nf6 3. e3 c5 4. Nc3 cxd4 5. exd4 a6 6. Nf3 Bg4 7. h3 Bxf3 8. Qxf3 Nc6 9. 0-0-0 e6 10. g4 Bd6 11. h4 Qc7 12. Bg3 0-0-0 13. Bxd6 Rxd6 14. g5 Ne8 15. Kb1 Rd8 16. Ne2 Nd6 17. Nc1 h6 18. Bh3 hxg5 19. hxg5 Kb8 20. c3 Ne4 21. g6 f5 22. Nd3 Rh4 23. Qe3 Rf8 24. Bg2 Rg4 25. Rdg1 Rxg6 26. Nf4 Rgf6 27. f3 Nd6 28. Bf1 Rg8 29. Rh7 Qf7 30. Bd3 Ka8 31. Qe2 Ka7 32. Qg2 e5 33. dxe5 Nxe5 34. Rxg7 Rxg7 35. Qxg7 Nxf3 36. Qxf7 Rxf7 37. Rd1 Ne4 38. Be2 Nfd2+ 39. Kc2 Nc4 40. Nxd5 Ncd6 41. Bf3 1/2-1/2

[Event "St Petersburg Blitz 2023"]
[Site "St Petersburg"]
[Date "2023.08.25"]
[Round "11"]
[White "Yanchenko, Roman"]
[Black "Vlasenko, Miroslav"]
[Result "0-1"]
[WhiteElo "2466"]
[BlackElo "2361"]
[PlyCount "68"]
[EventDate "2023.08.25"]
[EventType "game (blitz)"]
[EventRounds "11"]
[EventCountry "RUS"]
[SourceTitle "EXT 2024"]
[Source "ChessBase"]
[SourceDate "2023.10.10"]
[SourceVersion "1"]
[SourceVersionDate "2023.10.10"]
[SourceQuality "1"]

1. d4 f5 2. Nf3 Nf6 3. g3 g6 4. Bg2 Bg7 5. 0-0 0-0 6. b3 Ne4 7. Bb2 c5 8. e3 Nc6 9. Nbd2 d5 10. Qc1 b6 11. dxc5 Nc3 12. Re1 bxc5 13. Nb1 Ne4 14. Bxg7 Kxg7 15. Rd1 e6 16. c4 Qf6 17. Na3 Rd8 18. cxd5 exd5 19. Re1 Ba6 20. Rb1 Nb4 21. Bf1 Nxa2 22. Qb2 Bxf1 23. Rxf1 Nb4 24. Nd2 Nc3 25. Rfe1 Rab8 26. Nf3 Nd3 27. Qc2 Nxe1 28. Rxe1 Ne4 29. Nb1 Rdc8 30. Rd1 c4 31. bxc4 Rxc4 32. Qa2 Qb2 33. Qxa7+ Rb7 34. Qa6 Qxf2+ 0-1

[Event "Issykkul op"]
[Site "Korumdu"]
[Date "2023.07.16"]
[Round "6"]
[White "Vlasenko, Miroslav"]
[Black "Ilkhomi, Jaloliddin"]
[Result "1-0"]
[WhiteElo "2383"]
[BlackElo "2219"]
[PlyCount "99"]
[EventDate "2023.07.12"]
[EventType "swiss"]
[EventRounds "10"]
[EventCountry "KGZ"]
[SourceTitle "CBM 215 Extra"]
[Source "ChessBase"]
[SourceDate "2023.09.30"]
[SourceVersion "1"]
[SourceVersionDate "2023.09.30"]
[SourceQuality "1"]

1. d4 Nf6 2. Bg5 e6 3. Nd2 h6 4. Bh4 Be7 5. e4 d5 6. e5 Nfd7 7. Bxe7 Qxe7 8. Ngf3 c5 9. c3 b6 10. Bb5 Ba6 11. a4 0-0 12. 0-0 Rc8 13. Qe2 Bxb5 14. axb5 a5 15. c4 Nf8 16. Rfd1 Nbd7 17. cxd5 exd5 18. Nf1 cxd4 19. Ng3 Qe6 20. Re1 Ng6 21. Qd1 Nc5 22. Nxd4 Qd7 23. Ngf5 Ne6 24. Nc6 Rxc6 25. bxc6 Qxc6 26. Nd4 Qc5 27. Nxe6 fxe6 28. Qg4 Nf8 29. Rac1 Qe7 30. Rc6 b5 31. Rec1 Ra7 32. h4 a4 33. Rc8 b4 34. Rb8 Rb7 35. Ra8 a3 36. bxa3 bxa3 37. Rcc8 a2 38. Rxa2 Rb1+ 39. Kh2 Rb4 40. f4 Qf7 41. g3 Kh7 42. Raa8 Rb2+ 43. Kh3 Ng6 44. h5 Nxf4+ 45. gxf4 Rb3+ 46. Kg2 Rb2+ 47. Kf1 Rb1+ 48. Ke2 Rb2+ 49. Kd1 Rb1+ 50. Kc2 1-0